Представление документа в формате RUSMARC

Поле Инд. ПП Название Значение
Тип записи a
Библиографический уровень a
001 Контрольный номер 552d8a74e8f64ca799e82a98028ab265
005 Дата корректировки 20200407131657.0
100 a Данные общей обработки 20180918 ||| 0rusy0189 ca
101 0_ a Язык текста rus
102 a Страна публикации RU
200 1_ f Первые сведения об ответственности В.А. Авдеев, О.А. Авдеева
a Заглавие Преступность террористического характера и экстремистской направленности в РФ: состояние и тенденции правового регулирования
b Общее обозначение материала Текст
210 d Дата издания 2018
461 _0 1 2000
a Российский судья
463 _0 1 2000
a №8
v С. 18-23
1 2101
d 2018
1 001da0de958b790469e9bb4c48ac528f6d2
606 a Основная рубрика Право. Юридические науки
x Основная подрубрика Уголовное право
610 0_ a Ключевые слова КРИМИНОЛОГИЯ
a Ключевые слова ТЕРРОРИЗМ ПРОТИВОДЕЙСТВИЕ
a Ключевые слова ЭКСТРЕМИЗМ ПРОТИВОДЕЙСТВИЕ
700 _1 a Фамилия Авдеев
b Имя В.А.
701 _1 a Фамилия Авдеева
b Имя О.А.
801 _0 a Страна RU
b Организация РГУП
c Дата составления 20180918
g Правила каталогизации PSBO
801 _1 a Страна RU
b Организация РГУП
c Дата составления 20180918
g Правила каталогизации PSBO
901 t Тип документа b
w Контрольный № источника da0de958b790469e9bb4c48ac528f6d2
905 a Дата ввода 20180918